01868nam a22002657a 4500008004100000020001800041040000800059050002900067100003700096240004200133245008800175260004000263300002400303490004400327520097300371650003501344650001801379650003701397650002301434650002001457650003201477651002701509655003401536700003201570251114b |||||||| |||| 00| 0 eng d a9781035009640 cTBS aPL872.5.A74 bK3713 2024 aKashiwai, Hisashid1952-eauthor aKamogawa shokudō okawari. lEnglish aThe restaurant of lost recipes c/ Hisashi Kashiwai ; translated by Jesse Kirkwood. aNew York, NY : bPan Books, c2025. a212 pages ;c20 cm. aKamogawa food detectives novel ; vbk 2 aWe all hold lost recipes in our hearts. A very special restaurant in Kyoto helps find them ... Tucked away down a Kyoto backstreet lies the extraordinary Kamogawa Diner, run by Chef Nagare and his daughter, Koishi. The father-daughter duo have reinvented themselves as "food detectives," offering a service that goes beyond cooking mouth-watering meals. Through their culinary sleuthing, they revive lost recipes and rekindle forgotten memories. From the Olympic swimmer who misses his estranged father's bento lunchbox to the one-hit-wonder pop star who remembers the tempura she ate to celebrate her only successful record, each customer leaves the diner forever changed -- though not always in the ways they expect ... The Kamogawa Diner doesn't just serve meals -- it's a door to the past through the miracle of delicious food. A beloved bestseller in Japan, 'The Restaurant of Lost Recipes' is a tender and healing novel for fans of 'Before the Coffee Gets Cold'. 0aFathers and daughtersvFiction 0aFoodvFiction 0aFormulas, recipes, etc.vFiction 0aHappinessvFiction 0aMemoryvFiction 0aRestaurantszJapanvFiction 0aKyoto (Japan)vFiction 0aDetective and mystery fiction aKirkwood, Jesseetranslator